000 00393nam a2200109Ia 4500
008 160909s9999 xx 000 0 und d
100 _aMansouri, Aous
245 _aStative and Stativizing Constructions in Arabic News Reports: A Corpus-Based Study
260 _bUniversity of Colorado at Boulder
_c2016
650 _aTOURISM
856 _uhttp://pqdtopen.proquest.com/doc/1793669150.html?FMT=ABS
999 _c304953
_d304953